Name Places By Corresponding Pokémon Region - Statistics

General Stats
  • This quiz has been taken 11 times
  • The average score is 9 of 10
Answer Stats
Region Location % Correct
Kalos France
100%
Alola Hawaii, United States
100%
Hisui Sinnoh Hokkaido, Japan
100%
Kanto Kanto, Japan
100%
Lumiose, Kalos Paris, France
100%
Hoenn Kyushu, Japan
89%
Paldea Spain
89%
Galar United Kingdom
89%
Johto Kansai, Japan
78%
Unova New York, United States
78%
No matching quizzes found
Score Distribution
Percent of People with Each Score
Percentile by Number Answered
Your Score History
You have not taken this quiz